000 00562nam a2200181Ia 4500
003 GCL
008 140319s9999 xx 000 0 ara d
040 _aGCL /
_cGCL
082 0 4 _a368
_bس ع
100 1 _aسوفنير بوك هاوس
245 1 0 _aرسائل التأمين /
_cسوفنير بوك هاوس
260 _aبيروت :
_bدار الراتب الجامعية
300 _a112 ص ؛
_c19 سم
490 _aعالم المراسلات
_v12
650 0 4 _aالمراسلات
650 0 4 _aالمراسلات التجارية
942 _2ddc
_cBK
999 _c27513
_d27513